| 000 | 02320nam a22003857a 4500 | ||
|---|---|---|---|
| 005 | 20110524122628.0 | ||
| 008 | 110524t xxu||||| |||| 00| 0 eng d | ||
| 010 | _aENG-102506 B-452327-331 | ||
| 020 |
_a9788184503241 _c880.00 |
||
| 035 | _aEN-86039 B-452327-331 | ||
| 037 | _bDBAD / PUB | ||
| 037 | _bVirtuous Pub/Ven | ||
| 040 |
_adpl _bEnglish |
||
| 082 | _a344.54140544 | ||
| 100 |
_927410 _aGoenka, Sunanda |
||
| 110 | _927425 | ||
| 245 |
_aImmoral trafficking of women and children : _cby Sunanda Goenka _btransational crime and legal process / |
||
| 260 |
_aNew Delhi _bDeep & Deep Publications _c2011 |
||
| 270 |
_aF-159, Rajouri Garden _bNew Delhi _e110027 _k25435369,25440916 |
||
| 300 |
_axx, 247 p. _c22cm (Hb) |
||
| 500 | _aIncludes bibliographical references and index | ||
| 650 | _927411 | ||
| 650 | _927412 | ||
| 650 | _927426 | ||
| 700 | _927415 | ||
| 942 |
_adpl _cEN _2ddc _mGOE _h344.54140544 |
||
| 999 |
_c52559 _d52559 |
||